| 000 | 00840nam a22001577a 4500 | ||
|---|---|---|---|
| 999 |
_c121124 _d121124 |
||
| 008 | 160218b2019 xxu||||| |||| 00| 0 eng d | ||
| 041 | _aeng | ||
| 245 | _aS Franses Ltd v. The Cavendish Hotel (London) Ltd | ||
| 520 | _a[2018] UKSC 62, 5 December 2018. Appellant tenant's (C) appeal allowed on grounds that the landlord (F) did not intend within the meaning of Landlord and Tenant Act 1954 Part II Section 30(1)(f) to carry out the works specified in opposition to the tenant's application for a new tenancy. | ||
| 650 | _aS Franses Ltd v The Cavendish Hotel (London) Ltd | ||
| 650 | _aLandlord and Tenant Act 1954 Part II s30(1)((f) | ||
| 651 | _aUnited Kingdom 1973 | ||
| 690 |
_96252 _aLandlord and tenant |
||
| 856 |
_uhttps://www.bailii.org/uk/cases/UKSC/2018/62.html _zView transcript free of charge at bailii.org |
||
| 942 | _n0 | ||